Statistics for Horror Movie Franchises #19: Resident Evil

Click here to take the quiz!

General Stats

  • This quiz has been taken 8 times
  • The average score is 4 of 7

Answer Stats

Movie% Correct
Resident Evil
100%
Resident Evil: Afterlife
75%
Resident Evil: Extinction
75%
Resident Evil: Retribution
75%
Resident Evil: The Final Chapter
75%
Resident Evil: Welcome to Racoon City
25%
Resident Evil: Apocalyse
0%

Score Distribution

Percentile by Number Answered

Percent of People with Each Score

Your Score History

You have not taken this quiz